[Event "FIDE World Cup 2023"]
[Site "Baku AZE"]
[Date "2023.08.11"]
[Round "4.5"]
[White "Keymer, Vincent"]
[Black "Carlsen, M."]
[Result "1/2-1/2"]
[WhiteElo "2690"]
[BlackElo "2835"]
[PlyCount "87"]
[EventDate "2023.07.30"]
[EventType "k.o."]

1. d4 d5 2. c4 c6 3. Nf3 Nf6 4. e3 e6 5. Nbd2 c5 6. cxd5 exd5 7. Bb5+ Bd7 8. Bxd7+ Nbxd7 ({RR} 8... Qxd7 9. dxc5 Bxc5 10. O-O Nc6 11. Nb3 Bd6 12. Bd2 O-O 13. Bc3 Ne4 14. Rc1 Rac8 15. a3 Rfd8 16. Bd4 Qe7 17. Qe2 Bb8 18. Rc2 Nd6 19. Bc5 Qe4 20. Bxd6 Rxd6 21. Nbd4 Rcd8 22. Rfc1 Ne7 23. Nd2 {Jakovljevic,V (2314)-Swayham,P (2193) Budapest HUN 2026 ½-½ (90)}) 9. b3 ({RR} 9. dxc5 Nxc5 10. O-O Be7 11. b3 O-O 12. Bb2 Nfe4 13. Bd4 Bf6 14. Rc1 Rc8 15. Nxe4 Nxe4 16. Rxc8 Qxc8 17. Bxa7 Qc6 18. Bd4 Rc8 19. Bxf6 Nxf6 20. Nd4 Qc3 21. Qe2 g6 22. Rd1 Kg7 23. f3 h5 {Nakamura,H (2794)-Drygalov,S (2558) chess.com INT 2024 ½-½ (49)}) 9... Be7 $146 ({RR} 9... Bd6 10. Bb2 O-O 11. O-O Re8 12. dxc5 Nxc5 13. Nb1 Nce4 14. Nc3 Rc8 15. Qd3 Bc5 16. Nxe4 dxe4 17. Qxd8 Rexd8 18. Ng5 Re8 19. Rac1 h6 20. Bxf6 gxf6 21. Nh3 Bd6 22. Rfd1 Be5 23. Kf1 Kf8 24. g3 {Hebden,M (2515)-Crut,A (2344) France 2003 1-0 (52)}) 10. Bb2 Rc8 11. dxc5 Nxc5 12. O-O O-O 13. Qe2 Nfe4 14. Rfd1 Bf6 15. Nd4 Qd7 16. Rac1 Rfe8 17. N2f3 h6 18. h3 a6 19. Qe1 Rc7 20. Rc2 Rec8 21. Qa5 Ne6 22. Rxc7 Rxc7 23. Qb6 Qc8 24. Nxe6 Rc6 25. Qb4 fxe6 26. Bxf6 Nxf6 27. Nd4 Rc1 28. Rxc1 Qxc1+ 29. Kh2 Qc7+ 30. f4 Kf7 31. a4 e5 32. Nf3 a5 33. Qd2 exf4 34. exf4 Qc5 35. Qe2 Qc7 36. Ne5+ Kg8 37. Qd3 Qc8 38. Qg6 Qe6 39. Qc2 Nh5 40. Qd2 b6 41. Qd4 Nf6 42. Qd3 Nh5 43. Qd4 Nf6 44. Qd3 1/2-1/2

[Event "FIDE Grand Swiss"]
[Site "Riga"]
[Date "2021.10.28"]
[Round "2"]
[White "Korobov, Anton"]
[Black "Kuzubov, Yuriy"]
[Result "1-0"]
[WhiteElo "2690"]
[BlackElo "2624"]
[PlyCount "87"]
[EventDate "2021.10.27"]
[EventType "swiss"]
[EventRounds "11"]
[EventCountry "LAT"]
[SourceTitle "CBM 205"]
[Source "ChessBase"]
[SourceDate "2021.11.30"]
[SourceVersion "1"]
[SourceVersionDate "2021.11.30"]
[SourceQuality "1"]

1. c4 e6 2. Nf3 d5 3. d4 a6 4. c5 Nf6 5. Nc3 Nc6 6. Bf4 Nh5 7. Bd2 ({RR} 7. Bg5 Be7 8. Bxe7 Qxe7 9. e3 O-O 10. Be2 Rd8 11. O-O Nf6 12. a3 e5 13. b4 Bf5 14. Qb3 exd4 15. exd4 Be4 16. Rad1 Qe6 17. Ng5 Qf5 18. Ngxe4 dxe4 19. d5 Ne5 20. h3 Nf3+ 21. Kh1 Qf4 {Ohanyan,E (2516)-Svane,R (2624) chess.com INT 2026 1-0 (69)}) ({RR} 7. Bg5 Be7 8. Bxe7 Qxe7 9. e3 Nf6 10. Be2 O-O 11. O-O Rd8 12. Rc1 e5 13. Nxe5 Nxe5 14. dxe5 Qxe5 15. Qd4 Qe7 16. Bd3 c6 17. b4 g6 18. Rfe1 Be6 19. Qh4 Re8 20. Ne2 Nh5 21. Qxe7 Rxe7 {Kuzubov,Y (2643)-Vallejo Pons,F (2710) Linares 2020 1-0 (51)}) 7... Nf6 $146 ({RR} 7... g6 8. e3 Bg7 9. Be2 O-O 10. O-O f5 11. Rb1 Nf6 12. b4 Ne4 13. a4 e5 14. dxe5 Nxe5 15. Nxe5 Bxe5 16. Qc2 Be6 17. Nxe4 fxe4 18. Bc3 Qf6 19. Bxe5 Qxe5 20. c6 b6 21. a5 b5 22. Qc5 {Csonka,B (2469)-Svane,R (2641) chess.com INT 2023 ½-½ (46)}) 8. h3 Ne4 9. Bf4 Nxc3 10. bxc3 b6 11. cxb6 cxb6 12. e3 Bd6 13. Bd3 Bxf4 14. exf4 Qc7 15. g3 Bd7 16. O-O Ne7 17. Re1 g6 18. Rc1 Bb5 19. Bb1 Rc8 20. h4 Qd6 21. h5 Nf5 22. a4 Bd7 23. Ne5 Kf8 24. Qd3 Be8 25. Qxa6 Ne7 26. a5 Rb8 27. h6 f6 28. Nd3 Bc6 29. Re2 Qd7 30. axb6 Bb5 31. Qa7 Qxa7 32. bxa7 Ra8 33. Rxe6 Kf7 34. Rce1 Rxa7 35. Rb6 Bxd3 36. Bxd3 Rc8 37. Ree6 f5 38. Rf6+ Kg8 39. Ba6 Rf8 40. c4 Rxf6 41. Rxf6 Rc7 42. c5 Rc6 43. Rd6 Kf7 44. Bb7 1-0

[Event "FIDE Grand Swiss 2023"]
[Site "Douglas IOM"]
[Date "2023.10.28"]
[Round "4.6"]
[White "Tabatabaei, M."]
[Black "Nakamura, Hi"]
[Result "0-1"]
[WhiteElo "2685"]
[BlackElo "2780"]
[PlyCount "88"]
[EventDate "2023.10.25"]

1. d4 d5 2. c4 e6 3. Nf3 c5 4. cxd5 exd5 5. g3 Nc6 6. Bg2 Nf6 7. O-O Be7 8. dxc5 Bxc5 9. a3 Ne4 10. Nfd2 f5 11. b4 Be7 12. Bb2 Bf6 13. Bxf6 Qxf6 14. Nb3 O-O 15. e3 Be6 16. N1d2 Ne5 $146 ({RR} 16... Rac8 17. Nf3 Rfd8 18. Nbd4 Nxd4 19. Qxd4 Qxd4 20. Nxd4 Kf7 21. Rfc1 Rxc1+ 22. Rxc1 Rc8 23. Rxc8 Bxc8 24. Kf1 Bd7 25. Ke1 Ke7 26. Bf1 g6 27. Bd3 Nd6 28. Kd2 Ne4+ 29. Ke1 Nd6 30. f3 a6 31. Kd2 {Carlsson,L (2368)-Haug,H (2322) Kragero NOR 2024 ½-½ (45)}) ({RR} 16... Rac8 17. Nf3 Bf7 18. Nbd4 Ne7 19. Rc1 Rc4 20. Nd2 Rxc1 21. Qxc1 Rc8 22. Qb2 Nd6 23. Rc1 g5 24. Rxc8+ Nexc8 25. Qc3 f4 26. gxf4 gxf4 27. Ne2 Qxc3 28. Nxc3 Nb6 29. a4 fxe3 30. fxe3 Nbc4 31. Nxc4 {Wecker,M (2097)-Lymar,V (2263) Schwaebisch Gmuend GER 2026 ½-½ (32)}) 17. Nf3 Nc4 18. Qd4 Qe7 19. Rfc1 Bf7 20. h4 a6 21. Ne1 Rad8 22. Nd3 h6 23. a4 b6 24. a5 b5 25. Rc2 Rd6 26. Bf3 Qe8 27. Re1 Bh5 28. Bg2 g5 29. hxg5 hxg5 30. f4 Qg6 31. Ne5 Qg7 32. Nxc4 dxc4 33. Qxg7+ Kxg7 34. Nd4 Nxg3 35. fxg5 f4 36. Kf2 Bg6 37. Rc3 Nh5 38. Nf3 Ng3 39. Nd4 Ne4+ 40. Bxe4 Bxe4 41. Nf3 Bxf3 42. Kxf3 fxe3+ 43. Kg4 Rd4+ 44. Kh3 Re8 0-1

[Event "Titled Tue 12th Dec Late"]
[Site "chess.com INT"]
[Date "2023.12.12"]
[Round "10"]
[White "Andreikin, D."]
[Black "Bluebaum, M."]
[Result "1/2-1/2"]
[WhiteElo "2729"]
[BlackElo "2670"]
[PlyCount "88"]
[EventDate "2023.12.12"]

1. d4 d5 2. c4 e6 3. Nf3 Nf6 4. Bg5 Bb4+ 5. Nc3 h6 6. Bxf6 Qxf6 7. Qa4+ Nc6 8. e3 O-O 9. Rc1 Qg6 10. Qc2 Qxc2 11. Rxc2 Rd8 12. a3 Bf8 13. Be2 ({RR} 13. Nb5 Rd7 14. Bd3 a6 15. Nc3 Ne7 16. Ke2 Rd8 17. b4 Bd7 18. Rb1 Be8 19. cxd5 exd5 20. a4 Nc6 21. Na2 Bd6 22. b5 axb5 23. Bxb5 Bd7 24. Ne1 Bf5 25. Bd3 Bg4+ 26. Kf1 Bc8 27. Bb5 Nb8 {Kramnik,V (2783)-Aronian,L (2777) Zuerich 2015 1-0 (69)}) 13... dxc4 14. Bxc4 Ne7 ({RR} 14... Bd7 15. O-O Ne7 16. Rfc1 Rac8 17. Ne4 Bc6 18. Nc5 Rb8 19. Be2 Be8 20. Ne5 Nf5 21. Bf3 Nd6 22. Ncd3 f6 23. Nc4 Bb5 24. Nxd6 Bxd3 25. Rc3 cxd6 26. Rxd3 d5 27. Rb3 Bd6 28. h4 f5 29. h5 {Martirosyan,H (2625)-Bluebaum,M (2680) chess.com INT 2025 1-0 (72)}) 15. O-O b6 $146 ({RR} 15... Bd7 16. Bb5 c6 17. Be2 Rac8 18. Ne4 b6 19. Nd6 Ra8 20. Ne5 f6 21. Nxd7 Rxd7 22. Ne4 Rc7 23. Rfc1 a5 24. Bc4 Nd5 25. Bxd5 exd5 26. Nc3 Rb7 27. Na4 c5 28. dxc5 bxc5 29. Nxc5 Bxc5 30. Rxc5 {Ashraf,A (2391)-Bluebaum,M (2647) chess.com INT 2024 ½-½ (56)}) 16. Bd3 Bb7 17. Be4 c6 18. Ne5 Rab8 19. Rfc1 c5 20. dxc5 bxc5 21. Bxb7 Rxb7 22. Nc4 Nd5 23. Kf1 Nxc3 24. Rxc3 Be7 25. Ke2 Bf6 26. R3c2 Rdb8 27. Kf3 Bxb2 28. Nxb2 Rxb2 29. Rxb2 Rxb2 30. Rxc5 Rb7 31. Ra5 g5 32. h4 gxh4 33. Ra4 Kg7 34. Rxh4 a5 35. Rc4 Rb3 36. a4 Ra3 37. g4 Ra2 38. Kg3 Kg6 39. f4 Ra3 40. Kf3 Ra2 41. Ke4 Rg2 42. Kf3 Ra2 43. Ke4 Rg2 44. Kf3 Ra2 1/2-1/2

[Event "Asian Continental op 17th"]
[Site "Makati"]
[Date "2018.12.13"]
[Round "4"]
[White "Maghsoodloo, Parham"]
[Black "Ganguly, Surya Shekhar"]
[Result "0-1"]
[WhiteElo "2688"]
[BlackElo "2621"]
[PlyCount "88"]
[EventDate "2018.12.10"]
[EventType "swiss"]
[EventRounds "9"]
[EventCountry "PHI"]
[SourceTitle "CBM 187 Extra"]
[Source "ChessBase"]
[SourceDate "2018.11.04"]
[SourceVersion "1"]
[SourceVersionDate "2018.11.04"]
[SourceQuality "1"]

1. Nf3 Nf6 2. c4 e6 3. g3 d5 4. Bg2 Be7 5. O-O O-O 6. d4 dxc4 7. Qc2 c6 8. Qxc4 b5 9. Qc2 Bb7 10. Bg5 Nbd7 11. Bxf6 Bxf6 12. Nbd2 c5 13. dxc5 Rc8 14. Nb3 Bd5 15. Rfd1 $146 ({RR} 15. Nfd2 Bxg2 16. Kxg2 Be7 17. Rfd1 Nxc5 18. Nxc5 Rxc5 19. Qb3 Qd5+ 20. Qxd5 Rxd5 21. Nf3 Rfd8 22. Rxd5 Rxd5 23. e3 g6 24. Rc1 Rc5 25. Rxc5 Bxc5 26. Kf1 f6 27. Ke2 Kf7 28. h3 e5 29. Nd2 Ke6 {Huang Qian (2426)-Li Ruofan (2304) Liaocheng CHN 2023 ½-½ (50)}) ({RR} 15. Ne1 Bxb3 16. Qxb3 Nxc5 17. Qxb5 Qb6 18. Qxb6 axb6 19. Rc1 Bxb2 20. Rb1 Na4 21. Nd3 Bf6 22. Rb4 Nc3 23. Bf3 b5 24. Rc1 Nxa2 25. Rxc8 Rxc8 26. Rxb5 g6 27. Rc5 Rxc5 28. Nxc5 Nc3 29. e3 Kg7 {Esipenko,A (2654)-Wang,H (2758) Caleta 2020 ½-½}) 15... a5 16. e4 Bxb3 17. Qxb3 Rxc5 18. a4 b4 19. e5 Be7 20. Nd4 Qb6 21. f4 Rcc8 22. Kh1 Rfd8 23. Nb5 Nc5 24. Rxd8+ Rxd8 25. Qc2 g6 26. Qe2 Nb3 27. Rd1 Rxd1+ 28. Qxd1 Qf2 29. Qb1 Qd2 30. h4 Nc5 31. Kh2 Nd3 32. b3 Nxf4 33. Qe4 Nxg2 34. Qxg2 Qe3 35. Nd6 Qxe5 36. Nc4 Qf5 37. Qa8+ Kg7 38. Nxa5 Bd6 39. Nc4 Qc2+ 40. Qg2 Bxg3+ 41. Kh3 Qxb3 42. Nd2 Qd3 43. Qxg3 Qxd2 44. a5 Qc3 0-1

[Event "Abu Dhabi Online Final"]
[Site "chess.com INT"]
[Date "2024.08.21"]
[Round "3.1"]
[White "Andreikin, D."]
[Black "Nakamura, Hi"]
[Result "1-0"]
[WhiteElo "2729"]
[BlackElo "2802"]
[PlyCount "85"]
[EventDate "2024.08.21"]
[EventType "k.o."]

1. d4 d5 2. c4 e6 3. Nf3 a6 4. cxd5 exd5 5. Nc3 c6 6. e4 dxe4 7. Ng5 Be7 8. Bc4 Nh6 9. Ngxe4 Nf5 10. d5 b5 11. Bb3 O-O 12. O-O Bb7 ({RR} 12... b4 13. Na4 Ra7 14. Bf4 cxd5 15. Qxd5 Qxd5 16. Bxd5 Bb7 17. Rfd1 Nc6 18. Ng3 Ncd4 19. Nxf5 Nxf5 20. g4 g5 21. Bxg5 Bxg5 22. gxf5 Rc8 23. Bxb7 Rxb7 24. Rd3 Kg7 25. Rad1 Bf4 26. Rd4 Be5 27. Rd5 {Zhemailov,A (2138)-Barayev,A (2198) Israel ISR 2026 ½-½ (40)}) 13. Bf4 b4 $146 ({RR} 13... Nd7 14. Qg4 Nd4 15. Bh6 Bf6 16. Rad1 Nxb3 17. axb3 Ne5 18. Qf5 Nd7 19. Nxf6+ Qxf6 20. Qxd7 Bc8 21. Qxc6 Qxh6 22. d6 Be6 23. Nd5 Rad8 24. Rd3 Kh8 25. Ne3 Rc8 26. Qxa6 Rfd8 27. Rfd1 Qf4 28. d7 {Ter Sahakyan,S (2640)-Dragnev,V (2571) chess.com INT 2024 1-0}) 14. d6 bxc3 15. dxe7 Qxe7 16. Nd6 cxb2 17. Rb1 Bc8 18. Re1 Qh4 19. g3 Qd8 20. Rxb2 Nxd6 21. Bxd6 Bg4 22. Qd4 Be6 23. Rxe6 fxe6 24. Bxe6+ Kh8 25. Rb7 Rf6 26. Qe5 Qe8 27. Bb3 Qd8 28. Bxb8 h6 29. Ba7 Qd2 30. Qe7 Rg8 31. Bxg8 Qd1+ 32. Kg2 Qf3+ 33. Kg1 Qd1+ 34. Kg2 Qf3+ 35. Kf1 Qd1+ 36. Qe1 Qf3 37. Kg1 Kxg8 38. Bd4 Rg6 39. h4 Rg4 40. Be3 Rc4 41. Rd7 c5 42. Qd1 Qe4 43. Qd5+ 1-0

[Event "Stepan Avagyan Mem 2026"]
[Site "Jermuk ARM"]
[Date "2026.05.30"]
[Round "2.4"]
[White "Gumularz, Szymon"]
[Black "Aravindh, Chithambaram VR."]
[Result "1-0"]
[WhiteElo "2613"]
[BlackElo "2692"]
[PlyCount "85"]
[EventDate "2026.05.29"]

1. d4 d5 2. c4 e6 3. Nf3 Bb4+ 4. Bd2 a5 5. a3 Bxd2+ 6. Nbxd2 Nf6 7. g3 ({RR} 7. e3 O-O 8. Qc2 Nbd7 9. Rd1 b6 10. cxd5 exd5 11. Bb5 c5 12. O-O Bb7 13. Qf5 Qe7 14. Nb1 Rfd8 15. Nc3 Nf8 16. Na4 Rab8 17. Ne5 Ne4 18. Nc6 Bxc6 19. Bxc6 Qd6 20. Bb5 Ne6 21. f3 Nf6 {Epishin,V (2657)-Ibragimov,I (2554) Koszalin 1999 ½-½ (47)}) 7... O-O 8. Bg2 b6 ({RR} 8... c6 9. O-O Nbd7 10. Rc1 Qe7 11. Qc2 Rd8 12. Rfe1 h6 13. e4 dxe4 14. Nxe4 Nxe4 15. Qxe4 Nf6 16. Qe2 a4 17. Rcd1 Qc7 18. Ne5 Bd7 19. h4 Be8 20. g4 Qb6 21. c5 Qb3 22. g5 hxg5 23. hxg5 {Shubhi Gupta (2426)-Dandeniya,D (1991) chess.com INT 2026 1-0}) 9. O-O c5 $146 ({RR} 9... Bb7 10. cxd5 exd5 11. Ne5 Nbd7 12. Ndf3 c5 13. Rc1 Qe7 14. e3 h6 15. Qa4 c4 16. Rfe1 Qe8 17. Nxd7 Qxd7 18. Qxd7 Nxd7 19. Nd2 b5 20. a4 Rab8 21. axb5 Ba8 22. e4 Rxb5 23. exd5 Bxd5 24. Bxd5 {Vasenina,A (2053)-Tokhirjonova,G (2126) Al Ain 2013 1-0 (51)}) 10. cxd5 exd5 11. Rc1 Nbd7 12. Nb1 Bb7 13. Nc3 Qe7 14. Qc2 Bc6 15. Rfd1 g6 16. e3 Rfc8 17. Ne1 Qf8 18. Qb1 c4 19. a4 Qb4 20. Nc2 Qb3 21. Na1 Qb4 22. Qa2 Nb8 23. Nc2 Qf8 24. b3 Na6 25. bxc4 dxc4 26. e4 Nb4 27. Qa3 Re8 28. e5 Nfd5 29. Nxd5 Nxd5 30. Qxf8+ Kxf8 31. Na3 Rad8 32. Bxd5 Rxd5 33. Rxc4 Bb7 34. f4 Red8 35. Rc7 Ba6 36. Ra7 Be2 37. Rd2 Bg4 38. Nb5 Rc8 39. Nd6 Rc1+ 40. Kf2 Be6 41. g4 f6 42. Rxh7 Ra1 43. f5 1-0

[Event "Titled Tue 19th Mar Late"]
[Site "chess.com INT"]
[Date "2024.03.19"]
[Round "6"]
[White "Duda, J."]
[Black "Sargsyan, Shant"]
[Result "1-0"]
[WhiteElo "2731"]
[BlackElo "2637"]
[PlyCount "85"]
[EventDate "2024.03.19"]

1. d4 d5 2. c4 e6 3. Nf3 Nf6 4. g3 Bb4+ 5. Bd2 a5 6. Qc2 O-O 7. Bg2 c5 8. cxd5 cxd4 9. Nxd4 Qb6 10. Nf3 exd5 11. O-O Bxd2 ({RR} 11... Nc6 12. Nc3 d4 13. Na4 Qb5 14. Qd3 Qxd3 15. exd3 Bf5 16. Bxb4 Nxb4 17. a3 Nxd3 18. Nxd4 Bd7 19. b3 Bxa4 20. bxa4 Rad8 21. Nf5 g6 22. Ne3 Nc5 23. Rab1 Nxa4 24. Rxb7 Nc3 25. Ra7 a4 26. Bc6 {Svane,R (2616)-Sargsyan,S (2640) Teplice CZE 2023 ½-½}) 12. Nbxd2 Nc6 13. Rac1 ({RR} 13. Rfc1 a4 14. a3 h6 15. e3 Bg4 16. Qc5 Qa5 17. Qxa5 Rxa5 18. Bf1 Rd8 19. h3 Bd7 20. b4 axb3 21. Nxb3 Ra7 22. Nfd4 Nxd4 23. Nxd4 Rda8 24. Rab1 Rxa3 25. Rxb7 Ra1 26. Rbb1 Rxb1 27. Rxb1 Kf8 {Laurent-Paoli,P (2520)-Harikrishna,P (2676) Chartres FRA 2026 ½-½ (35)}) 13... a4 $146 ({RR} 13... Bg4 14. h3 Be6 15. a3 Rac8 16. Qd3 Rfe8 17. e3 Ne4 18. Nxe4 dxe4 19. Qxe4 Bxh3 20. Qb1 Bxg2 21. Kxg2 Qb5 22. Rfd1 g6 23. Rc3 Rcd8 24. Rxd8 Rxd8 25. Qc2 Ne5 26. Qb3 Qxb3 27. Rxb3 Nxf3 28. Kxf3 {Tabatabaei,M (2657)-Saric,I (2668) Munich GER 2023 ½-½ (47)}) 14. e3 Bg4 15. Rfe1 Bh5 16. Nh4 Rfd8 17. h3 Nb4 18. Qb1 Qa6 19. g4 Bg6 20. Nxg6 hxg6 21. a3 Nc6 22. Red1 d4 23. Nc4 dxe3 24. Nxe3 Nd4 25. Rc4 Ne6 26. Rb4 Nc5 27. Qc2 Rxd1+ 28. Qxd1 Re8 29. Qd4 Qa5 30. Nc4 Qc7 31. Qd6 Re1+ 32. Kh2 Qxd6+ 33. Nxd6 Re2 34. Kg3 g5 35. Bf3 Rd2 36. Nxb7 Ne6 37. Na5 Rd3 38. Nc6 Kh7 39. Ne5 Rd2 40. Nxf7 Nf4 41. Nxg5+ Kg6 42. Kxf4 Rxf2 43. Rb5 1-0

[Event "Titled Tue 14th Feb Early"]
[Site "chess.com INT"]
[Date "2023.02.14"]
[Round "8"]
[White "Andreikin, D."]
[Black "Dardha, Daniel"]
[Result "1-0"]
[WhiteElo "2729"]
[BlackElo "2612"]
[PlyCount "83"]
[EventDate "2023.02.14"]

1. d4 Nf6 2. c4 e6 3. Nf3 d5 4. e3 a6 5. b3 c5 6. Bb2 cxd4 7. exd4 Nc6 8. Nbd2 Be7 9. Bd3 O-O 10. Rc1 b6 11. O-O Bb7 12. Qe2 Re8 13. Rfd1 Bf8 14. a3 ({RR} 14. Ne5 dxc4 15. Ndxc4 Nb4 16. Bb1 b5 17. Ne3 Nbd5 18. Nxd5 Qxd5 19. f3 Rac8 20. Qf2 g6 21. Be4 Nxe4 22. fxe4 Qxe4 23. Rxc8 Rxc8 24. Qxf7+ Kh8 25. d5 Bg7 26. Qxb7 Rf8 27. Qe7 Qc2 28. Nxg6+ Qxg6 {Andreikin,D (2729)-Rustemov,A (2525) chess.com INT 2024 1-0}) 14... g6 15. Ne5 $146 ({RR} 15. b4 dxc4 16. Bxc4 b5 17. Bd3 Ne7 18. Nb3 Ned5 19. g3 Nb6 20. Nc5 Bd5 21. Ne5 Ra7 22. Rc2 Qa8 23. Rdc1 Nbd7 24. Ncxd7 Nxd7 25. h4 Bh6 26. f4 Nxe5 27. dxe5 Rd7 28. Rc7 Rxc7 29. Rxc7 Rc8 {Anton Guijarro,D (2546)-Arizmendi Martinez,J (2560) San Agustin 2012 ½-½ (32)}) 15... dxc4 16. Ndxc4 Rc8 17. Nxc6 Rxc6 18. a4 Nd5 19. Be4 Rc8 20. g3 Rc7 21. Ne5 Rxc1 22. Rxc1 Re7 23. Ba3 Rc7 24. Rxc7 Qxc7 25. Bxf8 Kxf8 26. Qd2 Kg7 27. Ng4 Qe7 28. h4 h5 29. Qh6+ Kg8 30. Ne5 Qf6 31. Nd7 Qe7 32. Ne5 Qf6 33. Qc1 Qe7 34. Qd2 Kg7 35. Nc4 b5 36. Ne5 bxa4 37. bxa4 Nf6 38. Bxb7 Qxb7 39. Qc2 Nd5 40. Kh2 Qc7 41. Qe2 Qb7 42. Qf3 1-0

[Event "Titled Tue 11th Nov 2025"]
[Site "chess.com INT"]
[Date "2025.11.11"]
[Round "4"]
[White "Firouzja, Alireza"]
[Black "Bacrot, E."]
[Result "1-0"]
[WhiteElo "2762"]
[BlackElo "2627"]
[PlyCount "83"]
[EventDate "2025.11.11"]

1. d4 d5 2. c4 e6 3. Nf3 a6 4. g3 Nf6 5. Bg2 Bd6 ({RR} 5... Bb4+ 6. Bd2 Be7 7. O-O dxc4 8. Qc2 b5 9. Ne5 Nd5 10. b3 cxb3 11. axb3 Bb7 12. Rc1 O-O 13. Qb2 Bd6 14. Nd3 f5 15. Nc3 Nxc3 16. Bxc3 Bxg2 17. Kxg2 Nd7 18. e3 Qe7 19. Ra2 g5 20. f3 {Pranav,A (2479)-Tran,T (2533) Hanoi 2022 1-0 (32)}) ({RR} 5... Bb4+ 6. Nc3 c6 7. O-O Nbd7 8. a3 Bd6 9. Nd2 O-O 10. e4 dxe4 11. Ndxe4 Nxe4 12. Nxe4 Be7 13. f4 Nf6 14. Nc3 Bd7 15. Be3 b5 16. Qe2 bxc4 17. Qxc4 Nd5 18. Bf2 Qb6 19. Rab1 a5 20. Rfc1 {Lai,D (2131)-Haydon,D (2303) chess.com INT 2026 0-1 (62)}) 6. O-O O-O 7. Nc3 h6 $146 ({RR} 7... c6 8. b3 Nbd7 9. Bb2 b6 10. Qc2 Bb7 11. Rad1 Qc7 12. Rfe1 Rfe8 13. e4 Nxe4 14. Nxe4 dxe4 15. Rxe4 h6 16. Re2 Rad8 17. a3 c5 18. Red2 Bf8 19. d5 exd5 20. cxd5 Qb8 21. Nh4 Bd6 22. f4 {Pukl,D (1965)-Rajkovic,R (2008) Slovenia 2019 ½-½ (60)}) 8. Ne5 c6 9. Bf4 dxc4 10. Nxc4 Bxf4 11. gxf4 Nd5 12. e3 Nd7 13. Rc1 N7b6 14. Ne5 Bd7 15. Ne4 Be8 16. Nc5 Qe7 17. Kh1 f6 18. Ned3 Rb8 19. Rg1 Nd7 20. Qg4 Nxc5 21. Nxc5 f5 22. Qg3 Nf6 23. Bf3 Kh7 24. Nxe6 Rg8 25. Nc5 Bf7 26. a3 g6 27. Qh4 Rbe8 28. Nd3 Rg7 29. Ne5 Reg8 30. Rg3 Bd5 31. Bxd5 cxd5 32. Rcg1 Nh5 33. Rh3 Qxh4 34. Rxh4 Nf6 35. Rc1 Ne4 36. Kg2 g5 37. fxg5 Rxg5+ 38. Kf3 R8g7 39. Nd3 Nd2+ 40. Ke2 Nc4 41. Nf4 Rd7 42. Nxd5 1-0

[Event "TCh-HUN 2024-25"]
[Site "Hungary HUN"]
[Date "2025.05.09"]
[Round "7.4"]
[White "Yuffa, D."]
[Black "Berkes, F."]
[Result "1-0"]
[WhiteElo "2631"]
[BlackElo "2600"]
[PlyCount "83"]
[EventDate "2024.11.02"]
[EventType "team"]
[EventRounds "9"]
[EventCountry "HUN"]
[WhiteTeam "Tuxera ANSK"]
[BlackTeam "ASE Paks"]

1. d4 e6 2. c4 d5 3. Nf3 a6 4. Bg5 Be7 5. Bxe7 Qxe7 6. Nbd2 Nf6 7. g3 b6 8. cxd5 exd5 9. Rc1 c5 10. dxc5 bxc5 11. Bg2 O-O 12. O-O Bf5 13. Nh4 Bg4 14. Re1 Nbd7 15. h3 Be6 $146 ({RR} 15... Bh5 16. g4 Bg6 17. e4 Nxe4 18. Nxg6 hxg6 19. Nxe4 dxe4 20. Bxe4 Rad8 21. Bxg6 Ne5 22. Qe2 fxg6 23. Qxe5 Qxe5 24. Rxe5 Rd2 25. Rf1 Rxb2 26. Rxc5 Rxa2 27. Kg2 a5 28. Kg3 a4 29. f3 a3 30. Re1 {Xiong,J (2681)-Hnydiuk,A (2350) chess.com INT 2023 1-0 (35)}) ({RR} 15... Bh5 16. g4 Bg6 17. e4 Nxe4 18. Nxg6 hxg6 19. Nxe4 dxe4 20. Bxe4 Rad8 21. Bxg6 Ne5 22. Qe2 fxg6 23. Qxe5 Qxe5 24. Rxe5 Rd2 25. Rf1 Rxb2 26. Rxc5 Rxa2 27. Kg2 a5 28. Kg3 a4 29. f3 a3 30. Re1 {Xiong,J (2681)-Hnydiuk,A (2350) chess.com INT 2023 1-0 (35)}) 16. e4 dxe4 17. Nxe4 Nxe4 18. Bxe4 Rab8 19. b3 Qf6 20. Ng2 Rb4 21. Nf4 Rd4 22. Qe2 a5 23. Bg2 h6 24. Nxe6 fxe6 25. Rc3 a4 26. Rf3 Qe7 27. Re3 e5 28. bxa4 Rxa4 29. Qc2 Rd4 30. a4 c4 31. a5 Qb4 32. Qc3 Qxc3 33. Rxc3 Rd2 34. a6 Nb6 35. Rb1 Rfxf2 36. Bf1 Rb2 37. Ra1 Kh7 38. a7 e4 39. a8=Q Nxa8 40. Rxa8 Rf3 41. Rxf3 exf3 42. Ra3 1-0

[Event "Prague Masters 4th"]
[Site "Prague"]
[Date "2022.06.08"]
[Round "1"]
[White "Le, Quang Liem"]
[Black "Shankland, Samuel L"]
[Result "1-0"]
[WhiteElo "2709"]
[BlackElo "2718"]
[PlyCount "83"]
[EventDate "2022.06.08"]
[EventType "tourn"]
[EventRounds "9"]
[EventCountry "CZE"]
[EventCategory "18"]
[SourceTitle "CBM 209"]
[Source "ChessBase"]
[SourceDate "2022.08.31"]
[SourceVersion "1"]
[SourceVersionDate "2022.08.31"]
[SourceQuality "1"]

1. d4 d5 2. c4 e6 3. Nf3 Nf6 4. Qc2 c5 5. cxd5 cxd4 6. Nxd4 Nxd5 7. a3 ({RR} 7. e3 Be7 8. Bd3 Nb4 9. Bb5+ Bd7 10. Qe2 O-O 11. Nc3 e5 12. Nc2 Bxb5 13. Nxb5 Nd3+ 14. Kf1 Nc6 15. Nc3 f5 16. g3 f4 17. exf4 exf4 18. Ne4 Rc8 19. Bxf4 Nxf4 20. gxf4 Rxf4 21. Rd1 Qb6 {Montano Vicente,G (2056)-Clawitter,C (2050) chess.com INT 2025 0-1}) 7... Be7 ({RR} 7... Nf6 8. e4 e5 9. Nf3 Bd6 10. Nc3 O-O 11. Bg5 h6 12. Bh4 g5 13. Bg3 Nc6 14. Bb5 Qe7 15. Bxc6 bxc6 16. O-O Nh5 17. Rfc1 Rb8 18. Nd1 Bb7 19. Ne3 Ng7 20. b4 Rbc8 21. Nd2 f6 22. Ndc4 {Gledura,B (2633)-Santos Ruiz,M (2594) Tornelo INT 2021 1-0 (106)}) 8. e4 Nf6 9. Nf3 $146 ({RR} 9. Nb5 Nc6 10. Be3 a6 11. N5c3 Ng4 12. Bf4 Bc5 13. Nd1 Ba7 14. f3 Nge5 15. Nd2 O-O 16. Nc4 Nd4 17. Qc3 Nec6 18. Nf2 b5 19. Ne5 Nxe5 20. Bxe5 f6 21. Bc7 Qd7 22. Rd1 Bb7 23. Ba5 Rac8 {Pinto,C (2116)-Perez Gormaz,M (2327) Praia da Pipa 2014 0-1 (35)}) 9... Bd7 10. Nc3 Bc6 11. b4 a6 12. Bd3 Nbd7 13. O-O Rc8 14. Bb2 b5 15. Rfd1 Qc7 16. Rac1 Bb7 17. a4 O-O 18. axb5 axb5 19. Qe2 Qb8 20. Bxb5 Nb6 21. Bd3 Bxb4 22. Nb5 Nbd7 23. Rb1 Bc5 24. h3 Rfd8 25. Bc3 Bb6 26. Bd4 Bxd4 27. Nbxd4 Nc5 28. e5 Nfe4 29. Nc6 Rxc6 30. Bxe4 Nxe4 31. Rxb7 Nc3 32. Rxd8+ Qxd8 33. Qd3 Rc8 34. Rd7 Qb6 35. Ng5 Qb1+ 36. Qxb1 Nxb1 37. Nxf7 Nd2 38. Rd8+ Rxd8 39. Nxd8 g5 40. Nxe6 h6 41. Nd4 Nc4 42. Nf5 1-0

[Event "Bundesliga 2425"]
[Site "Germany"]
[Date "2025.02.02"]
[Round "8.1"]
[White "Navara, David"]
[Black "Bartel, Mateusz"]
[Result "1-0"]
[WhiteElo "2681"]
[BlackElo "2618"]
[PlyCount "81"]
[EventDate "2024.09.28"]
[EventType "team-tourn"]
[EventRounds "15"]
[EventCountry "GER"]
[SourceTitle "Mega2025 Update 14"]
[Source "Chessbase"]
[SourceDate "2025.02.07"]
[SourceVersion "1"]
[SourceVersionDate "2025.02.07"]
[SourceQuality "1"]
[WhiteTeam "Muelheim Nord"]
[BlackTeam "Dresden TU"]
[WhiteTeamCountry "GER"]
[BlackTeamCountry "GER"]

1. d4 d5 2. c4 e6 3. Nf3 c6 4. e3 Nf6 5. b3 Bb4+ 6. Nbd2 c5 7. dxc5 ({RR} 7. Bb2 cxd4 8. exd4 Nc6 9. a3 Bxd2+ 10. Qxd2 Na5 11. Qc2 dxc4 12. bxc4 Bd7 13. Bd3 Rc8 14. Qe2 b5 15. c5 Nc4 16. O-O Bc6 17. Bxc4 bxc4 18. Ne5 Ba8 19. Nxc4 O-O 20. Nd6 Rb8 21. Bc1 Nd5 {Caruana,F (2788)-Fedoseev,V (2700) Warsaw POL 2026 ½-½ (78)}) 7... e5 $146 ({RR} 7... O-O 8. Bd3 e5 9. Be2 Bc3 10. Rb1 Bf5 11. O-O Bxd2 12. Bxd2 Bxb1 13. Qxb1 Nc6 14. Rd1 Qe7 15. b4 dxc4 16. Bxc4 a6 17. a4 Rad8 18. b5 Nb8 19. Rc1 Kh8 20. Ba5 Rc8 21. Bb4 Rfd8 22. c6 {Goczo,M (2204)-Varga,M (2139) Szeged 2011 1-0 (39)}) 8. Bb2 Bg4 9. a3 Bxc5 10. b4 Be7 11. Bxe5 O-O 12. Be2 a5 13. b5 Nbd7 14. Bd4 a4 15. O-O Nc5 16. Ne5 Bf5 17. Bf3 Ne6 18. Bb2 Ng5 19. Be2 Re8 20. Rc1 Bd6 21. Ndf3 Nxf3+ 22. Nxf3 Qe7 23. c5 Bxc5 24. Bxf6 gxf6 25. Qxd5 Bxa3 26. Qxf5 Bxc1 27. Rxc1 Qe6 28. Qh5 a3 29. Bd3 a2 30. Nd4 Qc8 31. Qxh7+ Kf8 32. Rxc8 Rexc8 33. Bf1 Ke7 34. Qe4+ Kf8 35. Nf5 a1=Q 36. Qb4+ Kg8 37. Qg4+ Kf8 38. Qg7+ Ke8 39. Qg8+ Kd7 40. Qxf7+ Kd8 41. Qe7# 1-0